Nostres faulelles (Record no. 114177)

MARC details
000 -LEADER
campo de control de longitud fija 00892nam a2200229 4500
001 - NÚMERO DE CONTROL
campo de control 114177
003 - IDENTIFICADOR DE NÚMERO DE CONTROL
campo de control ES-MaACL
005 - FECHA Y HORA DE LA ÚLTIMA TRANSACCIÓN
campo de control 20230906190107.0
007 - CAMPO FIJO DE DESCRIPCIÓN FÍSICA--INFORMACIÓN GENERAL
campo de control de longitud fija t|
008 - DATOS DE LONGITUD FIJA--INFORMACIÓN GENERAL
campo de control de longitud fija 061121s1964 sp r ||||1| cat d
245 00 - MENCIÓN DEL TÍTULO
Título Nostres faulelles
Resto del título : contes, narracions, estudis.
260 ## - PUBLICACIÓN, DISTRIBUCIÓN, ETC.
Lugar de publicación, distribución, etc. Valencia :
Nombre del editor, distribuidor, etc. [s.n.],
Fecha de publicación, distribución, etc. 1964 (
Fabricante Imp. Noguera)
300 ## - DESCRIPCIÓN FÍSICA
Extensión 48 p. ;
Dimensiones 16 cm.
505 8# - NOTA DE CONTENIDO CON FORMATO
Nota de contenido con formato Contiene: Entre canyes per Robert Villa i Olcina. Simonet el revolucionari per Beatriu Civera. On naix el reialme de Valencia per Nicolau Primitiu
700 1# - ENTRADA AGREGADA--NOMBRE PERSONAL
Nombre de persona Villa i Olcina, Robert.
Título de la obra Entre canyes.
9 (RLIN) 114885
700 1# - ENTRADA AGREGADA--NOMBRE PERSONAL
Nombre de persona Civera, Beatriu.
Título de la obra Simonet el revolucionari.
9 (RLIN) 38953
700 1# - ENTRADA AGREGADA--NOMBRE PERSONAL
Nombre de persona Primitiu, Nicolau.
Título de la obra On naix el reialme de Valencia.
9 (RLIN) 93968
740 0# - ENTRADA AGREGADA--TÍTULO RELACIONADO/ANALÍTICO NO CONTROLADO
Título relacionado o analítico no controlado Entre canyes.
740 0# - ENTRADA AGREGADA--TÍTULO RELACIONADO/ANALÍTICO NO CONTROLADO
Título relacionado o analítico no controlado Simonet el revolucionari.
740 0# - ENTRADA AGREGADA--TÍTULO RELACIONADO/ANALÍTICO NO CONTROLADO
Título relacionado o analítico no controlado On naix el reialme de Valencia.
852 ## - LOCALIZACIÓN
Ubicación ES-MaACL
Número de control de estantería 2051-F-21
Sublocalización o colección R.57907
Holdings
Estatus retirado Estado de pérdida Estado de daño No para préstamo Colección Biblioteca de origen Biblioteca actual Ubicación en estantería Fecha de adquisición Fuente de adquisición Total de préstamos Signatura topográfica completa Código de barras Visto por última vez Precio de reemplazo Tipo de ítem Koha
        Colección de folletos Biblioteca del Ateneo de Madrid Biblioteca del Ateneo de Madrid Depósito folletos 17/01/2008     2051-F-21 1119075 23/02/2023 23/02/2023 Folleto